000 00711nam a22002177a 4500
003 UA-OsUOA
001 69552
007 ta
008 20100625b un ||||| |||| 00| 0 ukr d
100 _aКоваленко Л.
090 _a81
_bК56
942 _cSA
040 _aUA-OsUOA
_bukr
_cUA-OsUOA
_dUA-OsUOA
245 _aСкладне речення як синтаксичне явище; Розділові знаки між частинами складносурядного речення
300 _aС.19-23
955 _a0
041 _aukr
080 _a81
773 0 _w69550
650 7 _a8 Мовознавство. Художня література. Літературознавство
_2UDC
999 _c355812
_d355812